000 00773nam a2200217 a 4500
001 2819
005 20140414132004.0
008 051021s19uu xx 00 eng d
020 _a0-02-661039-6
050 _aTR 372.4
_bB35 L.4(IG)
100 _aRoit, Marsha
245 _aIntervention guide :
_bSRA open court reading, L.4 /
_cRoit, Marshall.
260 _aColumbus, Ohio :
_bSRA/McGraw-Hill,
_c2000.
300 _a398 p. ; cm.
440 _aSRA open court reading, purple.
500 _aUnit 1: Risks and consequences-Unit 2: Dreams to job-Unit 3: From Mystery to medicine-Unit 4: Surviving-Unit 5: Communication-Unit 6: Trail of Freedom-Teacher Resources.
526 _cGrade 4
650 _aReading
_xStudy and teaching.
999 _c113142
_d113142